12 Most Popular Books of All Time - Statistics

General Stats
  • This quiz has been taken 173 times
  • The average score is 7 of 12
Answer Stats
Hint Plot Answer % Correct
2 The story of Jesus' birth and life. The King James Bible
97%
5 A boy learns on his eleventh birthday that he is the orphaned son of two powerful wizards and possesses unique magical powers of his own. Harry Potter, JK Rowling
89%
7 The future of civilization rests in the fate of the One Ring, which has been lost for centuries. The Lord of the Rings, JRR Tolkien
89%
9 A young girl falls through a rabbit hole into a fantasy world populated by peculiar, anthropomorphic creatures. Alice in Wonderland, Lewis Carroll
87%
12 A reluctant Hobbit sets out to the Lonely Mountain with a spirited group of dwarves to reclaim a lost treasure. The Hobbit, JRR Tolkien
80%
1 Divine guidance revealed from God to Muhammad through the angel Gabriel over a period of 23 years. Koran
73%
4 A middle-aged man obsessed with the chivalrous ideals touted in books he has read, decides to take up his lance and sword to defend the helpless and destroy the wicked. Don Quixote, Miguel de Cervantes
40%
3 267 aphorisms from the Communist Chinese leader Mao Zedong, covering subjects such as class struggle, "correcting mistaken ideas" and the "mass line". Quotations from Chairman Mao Tse-tung, Mao Zedong
38%
8 A pilot crash-lands in a desert. He encounters a small boy who asks him for a drawing of a sheep. Le Petit Prince, Antoine de Saint-Exupéry
32%
11 Ten strangers are lured to an island. Over dinner, a record begins to play, and the voice of an unseen host accuses each person of hiding a guilty secret. And Then There Were None, Agatha Christie
25%
6 Dr. Alexandre Manette, has been imprisoned in the Bastille by the Marquis St. Evrémonde and his brother for refusing to keep quiet about a crime they committed. A Tale of Two Cities, Charles Dickens
9%
10 A precise and detailed observation of the life and social structures typical of 18th-century Chinese society. Dream of the Red Chamber, Cao Xueqin
3%
No matching quizzes found
Score Distribution
Percent of People with Each Score
Percentile by Number Answered
Your Score History
You have not taken this quiz